Přeskočit na obsah

Аудит и контроллинг персонала организации Учебное пособие

Uloženo v:
Podrobná bibliografie
Médium: Учебное пособие
Vydání:2
On-line přístup:https://znanium.com/catalog/document?id=178865
https://znanium.com/cover/0203/203112.jpg
Tagy: Přidat tag
Žádné tagy, Buďte první, kdo otaguje tento záznam!
LEADER 01733nam0a2200421 i 4500
001 RU\infra-m\znanium\bibl\203112
003 https://znanium.com/catalog/document?id=178865
005 20190327000000.0
010 |a 978-5-9558-0111-7 
100 |a 20190327d2011 m y0rusy0150 ca 
101 0 |a rus 
102 |a RU 
200 1 |a Аудит и контроллинг персонала организации  |e Учебное пособие 
205 |a 2  |b перераб. и доп. 
210 1 |a Москва  |c Вузовский учебник  |d 2010 
215 |a 262 с. 
333 |a ВО - Бакалавриат 
606 |a Управление (менеджмент)  |x Тренинги и обучение персонала. Оценка персонала  |2 local 
608 |a Учебное пособие  |2 local 
675 |a 658.3(075.8)  |z rus 
686 |a 65.050.2я73  |2 rubbk 
686 |a 23.03.01  |2 okso 
686 |a 31.02.04  |2 okso 
686 |a 38.02.03  |2 okso 
686 |a 38.02.07  |2 okso 
686 |a 38.02.08  |2 okso 
686 |a 38.03.01  |2 okso 
686 |a 38.03.03  |2 okso 
686 |a 38.03.04  |2 okso 
686 |a 38.04.03  |2 okso 
686 |a 41.03.06  |2 okso 
686 |a 43.04.03  |2 okso 
686 |a 44.03.01  |2 okso 
686 |a 51.03.02  |2 okso 
702 1 |a Шлендер  |b П. Э.  |g Павел Эрнестович  |r Под ред. 
801 0 |a RU  |b Общество с ограниченной ответственностью «ЗНАНИУМ»  |c 20090821  |2 rusmarc 
856 4 |a znanium.com  |m ebs_support@infra-m.ru  |n НИЦ ИНФРА-М  |u https://znanium.com/catalog/document?id=178865 
856 4 1 |a znanium.com  |d /cover/0203  |f 203112.jpg  |q image/jpeg  |u https://znanium.com/cover/0203/203112.jpg